000 00645nam a22002414a 4500
001 UByD003256
003 AR-LpoUNG
005 20240930092848.0
008 240930s2011 ag 000 p spa d
020 _a9789879267943
040 _aAR-LpoUNG
_bspa
_cAR-LpoUNG
_eaacr
041 0 _aspa
082 0 _aA863 939lig
100 1 _aSuárez, Patricia
245 1 0 _aLigera de equipaje
250 _a1ra. ed.
260 _aRosario :
_bMunicipalidad de Rosario. Secretaría de Cultura y Educación,
_c2011.
300 _a45 p.
650 4 _aLITERATURA
650 4 _aPOESIA ARGENTINA
653 0 _aLITERATURA ARGENTINA
942 _2ddc
_cLIB
999 _c65907
_d65907